Find the Mediterranean Countries Quiz Stats

 Plays Quiz Updated Jan 14, 2016

Challenge
Share
Tweet
Score 0/22 Timer 04:00
56 Plays Today
% Correct
Italy
96.6%
Spain
95.6%
France
95.3%
Greece
95.3%
Turkey
94.5%
Egypt
91.6%
Cyprus
89.4%
Morocco
88.2%
Tunisia
87.7%
Syria
87.4%
Libya
86.8%
% Correct
Algeria
86.2%
Monaco
86.1%
Lebanon
85.6%
Israel
85.4%
Malta
84.8%
Palestine
83.6%
Albania
81.8%
Croatia
81.6%
Montenegro
80.7%
Bosnia & Herzegovina
78.8%
Slovenia
77.7%

You're not logged in!

Compare scores with friends on all Sporcle quizzes.
Join for Free
OR
Log In

You Might Also Like...

Show Comments

Extras

Top Quizzes Today


Score Distribution

Your Account Isn't Verified!

In order to create a playlist on Sporcle, you need to verify the email address you used during registration. Go to your Sporcle Settings to finish the process.

Report this User

Report this user for behavior that violates our Community Guidelines.

Details: